Master visually : Dream weaver 4 and flash 5
| Main Author: | |
|---|---|
| Other Authors: | , |
| Format: | Book |
| Published: |
New York :
Hungry Minds ,
2001
|
| Subjects: |
MARC
| LEADER | 00000cam a2200000 7i4500 | ||
|---|---|---|---|
| 001 | 0000012285 | ||
| 005 | 20050616.0 | ||
| 020 | |a 0764508555 | ||
| 040 | |a INS | ||
| 090 | 0 | 0 | |a TK5105.8885D74 |b K621 2001 |
| 100 | 1 | |a Kinkoph, Sherry | |
| 245 | 1 | 0 | |a Master visually : |b Dream weaver 4 and flash 5 |c Sherry Kinkoph |
| 260 | |a New York : |b Hungry Minds , |c 2001 | ||
| 300 | |a 737p. ; |c 23cm. | ||
| 650 | 0 | 0 | |a Web publishing |
| 650 | 0 | 0 | |a Web sites |x Authoring Program |
| 700 | 1 | |a Bigard, Brock | |
| 700 | 1 | |a Wooldridge, Mike | |
| 999 | |a 0000011092 |b BOOK |c Open Shelf |e Default branch | ||